| 000 -LEADER |
| fixed length control field |
00303nam a22001337a 4500 |
| 008 - FIXED-LENGTH DATA ELEMENTS--GENERAL INFORMATION |
| fixed length control field |
210311b ||||| |||| 00| 0 eng d |
| 041 ## - LANGUAGE CODE |
| Language code of text/sound track or separate title |
eng |
| 080 ## - UNIVERSAL DECIMAL CLASSIFICATION NUMBER |
| Edition identifier |
2nd |
| Universal Decimal Classification number |
61 |
| 082 ## - DEWEY DECIMAL CLASSIFICATION NUMBER |
| Edition number |
2nd |
| Classification number |
61 |
| 100 ## - Rafti |
| Rafti |
3 |
| 101 ## - Shkurtesa |
| Shkurtesa |
SHM |
| 245 ## - TITLE STATEMENT |
| Title |
Physiologic Principles of Surgery |
| Statement of responsibility, etc |
Zimmerman,M.L |
| 942 ## - ADDED ENTRY ELEMENTS (KOHA) |
| Source of classification or shelving scheme |
|
| Item type |
Books |